[Event "CHN-RUS Summit Men 6th Blitz"]
[Site "Sochi"]
[Date "2009.08.23"]
[Round "3"]
[White "Wang, Yue"]
[Black "Timofeev, Artyom"]
[Result "1-0"]
[WhiteElo "2736"]
[BlackElo "2681"]
[PlyCount "39"]
[EventDate "2009.08.23"]
[EventType "schev (blitz)"]
[EventRounds "10"]
[EventCountry "RUS"]
[SourceTitle "CBM 131 Extra"]
[Source "ChessBase"]
[SourceDate "2009.09.03"]
[SourceVersion "2"]
[SourceVersionDate "2009.09.16"]
[SourceQuality "1"]

1. d4 Nf6 2. c4 g6 3. Nc3 d5 4. Bf4 Bg7 5. e3 c5 6. dxc5 Qa5 7. Rc1 dxc4 8.
Bxc4 O-O 9. Nge2 Qxc5 10. Qb3 Nc6 11. Nb5 Qh5 12. Ng3 Qh4 13. Nc7 g5 14. Bxg5
Qxg5 15. Nxa8 Qe5 16. O-O Qb8 17. Bxf7+ Kh8 18. Rxc6 Qxa8 19. Rcc1 Qb8 20. Be6
1-0

[Event "World Cup"]
[Site "Reykjavik"]
[Date "1991.??.??"]
[Round "11"]
[White "Ivanchuk, Vassily"]
[Black "Gulko, Boris F"]
[Result "1-0"]
[WhiteElo "2735"]
[BlackElo "2565"]
[Annotator "Schussler,H"]
[PlyCount "61"]
[EventDate "1991.09.??"]
[EventType "tourn"]
[EventRounds "15"]
[EventCountry "ISL"]
[EventCategory "16"]
[SourceTitle "CBM 026"]
[Source "ChessBase"]
[SourceDate "1992.02.01"]
[SourceVersion "1"]
[SourceVersionDate "1992.02.01"]
[SourceQuality "1"]

1. e4 {Ernst} e5 2. Nf3 Nc6 3. d4 exd4 4. Nxd4 Bc5 (4... Qh4 5. Nb5 {5. c3!?.}
Bc5 6. Qe2 Qd8 {(Hector)} 7. Be3 d6 8. Qd2 Bxe3 9. Qxe3 Nf6 10. N1c3 O-O $10 {
Bjerring,K-Schüssler,H, Gausdal 1990.}) (4... Nf6 {See CBM 26/game 648.}) 5.
Be3 {Interesting is also 5. b3 (See Chiburdanidze-Xie Jun W-ch 1991; CBM 26/
game 965) and 5. f5. 5. xc6 allows 5. - f6!.} Qf6 (5... Bb6 6. Nc3 d6 7. Qd2 $5
$14) 6. c3 Nge7 7. Bc4 $1 {The modern line. For 7.g3 see Rasik,V-Blatny,P,
Brno 1991.} Qg6 $2 (7... Ne5 8. Be2 Qg6 (8... d5 9. O-O $1 dxe4 $6 10. Nb5 Bd6
$6 {10. - b6.} 11. Bc5 $1 $16 {Steimgrimsson-Malanjuk, Hungary 1991 (CBM 26/
game 276).}) 9. O-O d5 (9... d6 10. f4 Qxe4 11. Bf2 $18 {(11. - xf4 12. b5!)
Steingrimsson,H-Lukacs,P, Hungary 1991 (CBM 25/game 275).} (11. Bf2 {Ernst} Nd7
12. Bd3 Qd5 13. c4 Qxd4 14. Bxd4 Bxd4+ 15. Kh1 Bxb2 $16)) 10. Bh5 $1 {New and
much better than the older 10.exd5.} Qxe4 11. Nd2 Qd3 (11... Qh4 12. N4f3 Qxh5
13. Bxc5 $14) 12. N4f3 Bd6 (12... Bxe3 13. Nxe5 Qxd2 14. Qa4+ c6 15. Rad1 $16)
13. Nxe5 Bxe5 14. Bc5 $14 {Ehlvest,J-Beljavskij,A, Reykjavik 1991 (CBM 26/game
631).}) (7... O-O 8. O-O Bb6 9. Bb3 {Interesting is the flexible 9. h1. See
Kasparov,G-Kamsky,G, Tilburg 1991 (CBM 26/game 893).} Na5 $5 (9... d6 10. Kh1
Nxd4 11. cxd4 Nc6 12. Nc3 $1 $14 {Dolmatov,S-Yusupov,A, candidates match 1991.}
) 10. Nc2 Qg6 11. Re1 d6 $14 {Nijboer,F-Van der Wiel,J, NLD-ch 1991 (CBM 26/
game 461).}) 8. Nxc6 Qxc6 (8... Qxg2 9. Rf1 Bxe3 10. Nxe7 $18 (10. fxe3 $44 {
Ernst})) 9. Bxf7+ $1 $16 Kxf7 10. Qh5+ Ng6 11. Qf5+ Ke8 12. Qxc5 Qxe4 13. Nd2
Qc6 14. Qh5 d6 15. O-O Be6 16. Bd4 Kd7 17. f4 $1 Ne7 18. f5 $1 Bxf5 19. Rae1 $1
g6 20. Rxe7+ $1 Kxe7 21. Qg5+ Kd7 22. Bxh8 Qb6+ {22. - xh8 23. xf5 gxf5 24.
g7+ + -} (22... Rxh8 {Ernst} 23. Rxf5 gxf5 24. Qg7+ $18) 23. Bd4 Qxb2 24. g4
Be6 25. Rb1 Qxa2 26. Qb5+ Ke7 27. Qxb7 Rd8 28. Rf1 $1 Qxd2 29. Qxc7+ Bd7 30.
Bf6+ Ke6 31. Qc4+ {31. - d5 32. a6+ + -} 1-0

[Event "FIDE-Wch k.o. f 25'"]
[Site "Lausanne"]
[Date "1998.01.09"]
[Round "8.7"]
[White "Karpov, Anatoly"]
[Black "Anand, Viswanathan"]
[Result "1-0"]
[WhiteElo "2735"]
[BlackElo "2770"]
[Annotator "Ftacnik,L"]
[PlyCount "123"]
[EventDate "1998.01.09"]
[EventType "match (rapid)"]
[EventRounds "2"]
[EventCountry "SUI"]
[SourceTitle "CBM 063"]
[Source "ChessBase"]
[SourceDate "1998.03.26"]
[SourceVersion "1"]
[SourceVersionDate "1998.03.26"]
[SourceQuality "1"]

1. Nf3 {Horn,Pe Hecht} d5 2. g3 Nf6 3. Bg2 c6 4. O-O Bg4 5. d3 Nbd7 6. Nbd2 e6
7. e4 Be7 8. Qe2 (8. Qe1 {Horn,Pe Das führt in der Regel zu spannungsreicheren
Stellungen. Karpov scheint aber in dieser Schnellpartie einen eher ruhigen
Start zu bevorzugen.}) 8... O-O 9. h3 Bh5 10. Re1 {Auch eher ein Nebenweg.} (
10. b3 a5 11. a4 (11. Bb2 a4 12. g4 Bg6 13. e5 Ne8 14. Kh1 Nc7 15. Rab1 axb3
16. axb3 Ra2 17. Ne1 f6 18. Ndf3 f5 19. Ng1 Nb5 20. Qd2 fxg4 21. hxg4 Ba3 22.
Ba1 Qh4+ 23. Bh3 h5 24. Ng2 {1-0 Miles,A-Borik,O/Baden Baden 1981 (40)}) 11...
b5 12. Bb2 Qb6 13. Rfb1 Rfd8 14. g4 Bg6 15. Ne5 Nxe5 16. Bxe5 dxe4 17. Nxe4
Bxe4 18. dxe4 Nd7 19. Bb2 e5 20. Bf1 Bc5 21. axb5 cxb5 22. Qxb5 Bxf2+ 23. Kg2 {
Anikaev,Y-Timman,J/Vilnius 1969/1/2-1/2 (57)}) (10. g4 dxe4 (10... Bg6 11. Nh4
dxe4 12. dxe4 $2 (12. Nxg6 $8 hxg6 13. Nxe4 Nxe4 (13... Qc7 14. f4 Nc5 15. Nxc5
Bxc5+ 16. Be3 Qb6 17. Bxc5 Qxc5+ 18. Qf2 Qb5 $11 {Mäser,F-Salazar,H/Zürich/
1986 Horn: Der Bg2 sollte dem Nf6 grundsätzlich hier überlegen sein. Da aber
Schwarz keine Schwächen hat, kann er mit dem Ergebnis der Eröffnung durchaus
zufrieden sein.}) 14. Qxe4 e5 15. b4 (15. d4) 15... a5 16. b5 cxb5 17. Qxb7 Rb8
18. Qd5 Qc7 19. a4 b4 20. f4 Qxc2 21. Qxd7 Bc5+ 22. Kh1 Bd4 23. fxe5 Bxa1 24.
Bg5 Bxe5 25. Be7 b3 {0-1 Roizman,A-Uhlmann,W/USSR 1966 (29)}) 12... Bxe4 $1 $19
13. Bxe4 Nxe4 14. Nxe4 Bxh4 15. g5 f5 16. Qh5 fxe4 17. Qxh4 Ne5 18. Qxe4 Nf3+
19. Kg2 Nxg5 {0-1 Degenhardt,H-Barbero,G/Frankfurt 1990 (35)}) 11. dxe4 (11.
Nxe4 Bg6) 11... Bg6 12. Rd1 Qc7 (12... e5 13. Nh4 Re8 14. Nf5 Bf8 15. Nc4 Qc7
16. Ng3 b5 17. Ne3 Nc5 18. Nef5 Ne6 19. g5 Nd7 20. h4 Bxf5 21. exf5 Nd4 22. Qg4
Nxc2 23. f6 Re6 24. fxg7 Bxg7 25. Rb1 {Golovin,L-Fominyh,A/RUS-chT 1993/1/2-1/
2 (52)}) 13. Nh4 Rad8 14. Nxg6 hxg6 15. Nf3 e5 16. b3 Nc5 17. Bb2 Nfd7 18. Ne1
Ne6 19. Nd3 Bg5 20. Qf3 Rfe8 21. Qg3 Bf4 22. Nxf4 exf4 23. Qc3 f6 {0-1
Damljanovic,B-Geller,E/Vrsac 1987 (36)}) 10... dxe4 11. dxe4 e5 12. b3 (12. a4
Re8 13. Qc4 {Horn: Eine eher ungewöhnliche Methode, die Fesselung aufzuheben.
Die Folge demonstriert die weißen Pläne: aktives Spiel am Q-flügel, wo der Bh5
nicht mittun kann.} Qc7 14. Nh4 Bf8 15. Nb3 Nb6 16. Qc3 Nfd7 17. a5 Nc8 18. Nf5
Bg6 19. Be3 Nd6 20. Nxd6 Bxd6 21. Red1 Red8 {1-0 Savon,V-Sloth,J/Esbjerg 1980 
(31)} (21... Red8 {Horn,Pe} 22. f3 $5 Nf8 23. Nc5 $14 {Savon,V-Sloth,J/Esbjerg/
1980})) 12... Qc7 13. Bb2 Rfe8 (13... Bb4 $6 {Horn,Pe Dieser eher unmotivierte
Abtausch kam schon in einer Partie vor.} 14. a3 Bxd2 15. Qxd2 $14) 14. Qf1 {
Horn: Fernab der Schablone. Da der Nd2 nun einige Zeit ein Problemkind ist,
übernimmt Weiß mit diesem Zug eine Verpflichtung zu sorgfältigem Spiel. Es
wäre interessant zu wissen, wieviel Zeit Karpov für diesen Zug gebraucht hat.}
(14. a4 Rad8 $11) (14. Nc4 {Horn,Pe} Bc5) 14... Rad8 {Horn: Die natürliche
Antwort: die Besetzung der d-Linie mit einem R kann Weiß wegen der
Fesselstellung (noch) nicht nachmachen.} 15. a3 (15. a4 {Horn,Pe Dieser häufig
und gern gespielte Zug ist hier schon verdächtig:} Bb4 $5 16. c3 Bf8) 15... b5
$1 {Horn: Da der Nd2 sowieso nach Nc4 einen traurigen Rückzug antreten muß,
konnte Schwarz hier auch anders herum spielen; vielleicht wäre es aufs gleiche
herausgekommen.} (15... Bf8 {Horn,Pe} 16. Nc4 $140 $6 b5) 16. Bc3 (16. Nh4 {
Horn,Pe} Nc5 17. Bc3) 16... Bf8 (16... a5 17. b4 $11) 17. Nh4 Nc5 18. Bf3 Bg6 {
Horn: Das kam für mich sehr überraschend: Schwarz gibt freiwillig das B-paar
her. Eine Rechtfertigung findet diese Entscheidung darin, daß der Druck gegen
Pe5 verflogen ist, und der Bf3 (zumal bei der Position der Qf1) noch lange
kein rechtes Spiel findet.} (18... Bxf3 19. Nhxf3 a5 $11) 19. Nxg6 hxg6 20. Bg2
{Horn: Der Abtausch des Bc8 gegen den Ng1 ist in dieser Eröffnung ein
Standardthema: hier hat Weiß durch die Hin- und Herzieherei mit dem B und der
Q einige Zeit verloren.} a6 {Horn: Einen konkreten Grund für diesen Zug habe
ich nicht entdeckt.} (20... Ne6 {Horn,Pe} 21. Nf3 Nd7) 21. Qe2 (21. Rad1 Ne6
22. Bb2 Bc5 $11) (21. Red1 {Horn,Pe}) 21... Ne6 22. Nf3 Nd7 (22... Nd4 $6 23.
Nxd4 (23. Bxd4 {Horn,Pe} exd4 24. Qd3 (24. e5 Nd7 25. Nxd4 (25. Qd3 Nxe5 26.
Nxe5 Rxe5 27. Rxe5 Qxe5 28. Bxc6 Qc7 $11) (25. b4) 25... Nxe5 $11) 24... c5 25.
e5 c4 26. bxc4 bxc4 27. Qd2 Nh7 $13) 23... exd4 24. Bb2 c5 25. f4 $16) 23. a4 {
Horn: Sieht sehr kräftig aus; vielleicht wäre es aber besser gewesen, erst
noch einen ruhigen Zug einzuschieben.} (23. h4 $14 {Horn,Pe}) 23... b4 24. Bb2
a5 {Horn: Schwarz hat seine weißen Felder (die Diagonale f1-a6) geschwächt. Er
muß jetzt schnell aktiv werden, eher der Bg2 über f1 ins Geschehen eingreift.
Dazu ist Pc5 nebst Nd4 die gegebene Möglichkeit.} 25. c3 (25. Red1 $15 c5 {Horn
} 26. Qc4 (26. Rd5 Nd4 27. Nxd4 cxd4 $132) 26... Nb6 (26... Nd4 $2 27. Bxd4
exd4 28. Nxd4 $16) 27. Qb5 Nd4 28. Nxd4 cxd4 29. Qxa5 Qxc2 30. Bxd4 exd4 31.
Qxb6 Bc5 $44) 25... bxc3 26. Bxc3 Rb8 27. Rab1 (27. Qc2 {Horn,Pe} Bb4 28. Re3
Bxc3 29. Rxc3 c5) (27. Red1 $2 {Horn,Pe} Rxb3 28. Qd2 Nec5 29. Bxa5 Qa7 $15)
27... Bb4 28. Rec1 (28. Bxb4 Rxb4 29. Qc2 $14) 28... Bxc3 29. Rxc3 c5 30. Qe3
$6 {Karpov plays without his usual precision, control of the white squares and
weak a5,c5 pawns should offer him better chances.} (30. Rd1 Red8 31. Qc2 $14) (
30. Rd1 {Horn,Pe}) 30... Qd6 $1 (30... Nd4 $4 {Horn,Pe} 31. Nxd4 exd4 32. Qxd4
$18) 31. h4 {Horn: Hier fängt Karpov an, auf Abwege zu geraten: mit Nd2 und
Bf1 konnte er das Feld c4 unter Kontrolle nehmen, womit er wohl genügend
Gegenspiel bekommen hätte. In den beiden nächsten Zügen ging das immer noch,
wenn auch in jeweils (geringfügig) schlechterer Version.} (31. Rd3 Nd4 32. Rbd1
Red8 $14) (31. Bf1 {Horn,Pe} Nd4 32. Nd2 Nb6 33. Rbc1) 31... Nd4 32. Bh3 (32.
Nd2 {Horn,Pe} Qe6 33. Bf1) 32... Nb6 33. Rbc1 $6 (33. Nd2 Re7 34. Rbc1 Rc7 $14)
(33. Nd2 $11 {Horn,Pe /\ Bf1, Nc4}) 33... c4 $1 {Nun ist guter Rat teuer.} 34.
bxc4 Nxa4 35. c5 (35. Rd3 Nc5 36. Rdc3 {sonst kommt Rb3} Rb2 $15 (36... Rb2 {
Horn,Pe Hier beherrscht Schwarz das Brett: es ist kein Wunder, daß Karpov dazu
keine Lust hatte.} 37. Bf1 a4 (37... Nxf3+ 38. Qxf3 Qd2 39. Rd1 Qxf2+ 40. Qxf2
Rxf2 41. Rd5 Nxe4 42. Re3 f5 43. Rxe4 Rxf1+ 44. Kxf1 fxe4 45. Rxa5 $11) 38. Rd1
Rd8 39. Ne1 (39. Kh1 a3 40. Rxa3 Nxe4 $19))) 35... Qe7 36. Ra3 (36. Rc4 Rb3 $19
) (36. Nxd4 {Horn,Pe} exd4 37. Qxd4 Nxc3 38. Qxc3) 36... Nxc5 37. Rac3 (37.
Nxd4 exd4 38. Qxd4 Nb3 $17) 37... Ncb3 38. Rc7 Qf6 (38... Nxc1 39. Rxe7 Nce2+
40. Kg2 Rxe7 41. Qa3 Ra7 42. Nxe5 a4 $15) (38... Nxf3+ 39. Qxf3 Nxc1 40. Rxe7
Rxe7 41. Qa3 Reb7 42. Qxa5 Rb5 43. Qc7 $11) 39. R1c3 Nxf3+ (39... a4 $1 {
Jussupow} 40. Ng5 (40. Bd7 Nxf3+ 41. Qxf3 Qxf3 42. Rxf3 Re7 $19 (42... Re7 {
Horn,Pe} 43. Rc8+ Rxc8 44. Bxc8 Ra7 $19)) 40... a3 $19) 40. Qxf3 a4 $2 {
Anand have spend lot of time on this move, but it gives up the advantage.} (
40... Nd4 $1 41. Qxf6 gxf6 42. R3c5 $15 (42. Bf1 {Horn,Pe} Ne6 $17)) (40...
Qxf3 {Horn,Pe} 41. Rxf3) 41. Qxf6 gxf6 42. Bd7 Nd4 (42... Re7 43. Bxa4 Rxc7 44.
Rxc7 Nd4) 43. Bxe8 Ne2+ (43... Rxe8 44. R3c4 Ra8 45. Rc8+ $16) 44. Kg2 Nxc3 45.
Bxf7+ Kf8 (45... Kg7 $2 46. Bd5+ Kf8 47. Rxc3 $18) 46. Bxg6 Nb5 (46... Rb3 47.
h5 $1 a3 48. h6 $18) 47. Rf7+ Kg8 48. Rxf6 Ra8 (48... Kg7 49. Ra6 Nc7 50. Rc6
a3 51. Rxc7+ Kxg6 52. Ra7 $18) 49. h5 $1 a3 (49... Kg7 50. Rf7+ Kh6 51. f4 exf4
52. gxf4 Ra7 53. Rxa7 Nxa7 54. Kf3 a3 55. Bf7 $18) 50. h6 a2 (50... Nc3 51.
Bf7+ Kh7 52. Rc6 a2 53. Bxa2 Nxa2 54. Re6 Nc3 55. Rxe5 $16) 51. Bf7+ Kh7 52.
Bxa2 {White must have played this move with a great relief, black pawn was
quite dangerous.} Rxa2 {[#] Hecht:  Achtung! Schluß einer Schnellpartie 
(Zeitknappheit). Karpov hätte e5 abholen können mit Remisschluß, da auch h6
fällt. Mit 53.g4 unternimmt er einen Gewinnversuch. Für die taktische
Fehlleistung eine Endspielmedaille.} 53. g4 Nc3 (53... Ra8 54. g5 (54. Kg3 Ra1
55. g5 Nd4) 54... Rg8 55. Rf5 Nd6 56. Rxe5 Nf7 57. Re7 Rxg5+) 54. g5 Nxe4 55.
Rf7+ Kg6 $2 {Frustrated Anand commits serious mistake, it is understandable
that he badly wanted to win.} (55... Kg8 $1 56. g6 Ra8 57. f3 (57. Rg7+ Kf8) (
57. Re7 Nf6 $1 58. Rxe5 (58. f3 Nd5) (58. h7+ Kh8 59. Rxe5 Kg7) 58... Ng4 59.
Rh5 Nxh6 60. Rxh6 Kg7) (57. h7+ Kh8 58. g7+ Kxh7 59. Rf8 Kxg7 60. Rxa8 $11 {
Karpov} (60. Rxa8 {Hecht} Kg6 61. Kf3 Nf6 $11 {Hecht: (Karpov) Anmerkung: Weiß
kann noch einen Gewinnversuch unternehmen, indem er den König Richtung d6 in
Marsch setzt. Dann wird allerdings der f-Bauer schutzbedürftig.})) 57... Nc5
58. Kg3 Ne6 (58... e4 59. Rc7 Nd3 60. fxe4 Ne5) 59. Kg4 Nf8 60. Kg5 Ra3 61. h7+
Nxh7+ 62. gxh7+ Kh8 63. Kg6 Ra6+ 64. Rf6 Ra8 65. Re6 Rb8 66. Rxe5 Rb6+ 67. Kf7
Rb4 $14) 56. Rg7+ Kf5 57. h7 Rxf2+ (57... Ra8 58. Rg8 $18) (57... Nxf2 58. h8=Q
Ne4+ 59. Kh3 $18) 58. Kg1 Kg4 59. h8=Q Kg3 60. Re7 $1 Rg2+ (60... Nd2 61. Qxe5+
$18) 61. Kf1 Nd2+ 62. Ke1 1-0

[Event "Bundesliga 0405"]
[Site "Germany"]
[Date "2004.11.13"]
[Round "1.2"]
[White "Svidler, Peter"]
[Black "Macieja, Bartlomiej"]
[Result "1-0"]
[WhiteElo "2735"]
[BlackElo "2613"]
[PlyCount "121"]
[EventDate "2004.11.12"]
[EventType "team-tourn"]
[EventRounds "15"]
[EventCountry "GER"]
[SourceTitle "EXT 2005"]
[Source "ChessBase"]
[SourceDate "2004.11.15"]
[SourceVersion "1"]
[SourceVersionDate "2004.11.15"]
[SourceQuality "1"]
[WhiteTeam "Baden Oos"]
[BlackTeam "Wattenscheid"]
[WhiteTeamCountry "GER"]
[BlackTeamCountry "GER"]

1. e4 c6 2. d4 d5 3. e5 Bf5 4. Be3 e6 5. Nd2 Nd7 6. Ngf3 Ne7 7. Be2 Bg6 8. Nh4
c5 9. c3 Nc6 10. Nxg6 hxg6 11. Nf3 Be7 12. O-O O-O 13. Bd3 Qb6 14. Qe2 Rfc8 15.
h4 cxd4 16. cxd4 Nb4 17. Bb1 Qa6 18. Qd1 Qc6 19. Ne1 Bxh4 20. a3 Na6 21. g3 Be7
22. Nd3 Nf8 23. Qg4 Nb8 24. Kg2 Nbd7 25. Rh1 Nh7 26. Qh3 Ndf8 27. Nf4 Bg5 28.
Nxg6 fxg6 29. Bxg5 Nxg5 30. Qh8+ Kf7 31. Rh4 Qc1 32. Bd3 Nfh7 33. Rxc1 Rxh8 34.
Rc7+ Kg8 35. Rg4 Rf8 36. Bxg6 Nf7 37. Rxb7 Nhg5 38. Rxa7 Rh6 39. Bxf7+ Nxf7 40.
Rf4 g5 41. Rf3 Nd8 42. Rxf8+ Kxf8 43. b4 Nc6 44. Ra8+ Kf7 45. b5 Nxd4 46. b6
Kg6 47. b7 Nc6 48. g4 Rh7 49. Re8 Rxb7 50. Rxe6+ Kf7 51. Rxc6 Ra7 52. Rd6 Rxa3
53. e6+ Kf6 54. Rxd5 Ra4 55. Rf5+ Kg6 56. Re5 Rxg4+ 57. Kf1 Kf6 58. e7 Kxe5 59.
e8=Q+ Kf5 60. Qf7+ Ke5 61. Qg6 1-0

[Event "Corus"]
[Site "Wijk aan Zee"]
[Date "2008.01.14"]
[Round "3"]
[White "Radjabov, Teimour"]
[Black "Van Wely, Loek"]
[Result "1/2-1/2"]
[WhiteElo "2735"]
[BlackElo "2681"]
[Annotator "Krasenkow,M"]
[PlyCount "185"]
[EventDate "2008.01.12"]
[EventType "tourn"]
[EventRounds "13"]
[EventCountry "NED"]
[EventCategory "20"]
[SourceTitle "CBM 122"]
[Source "ChessBase"]
[SourceDate "2008.01.30"]
[SourceVersion "1"]
[SourceVersionDate "2008.01.30"]
[SourceQuality "1"]

1. d4 d5 2. c4 c6 3. Nc3 Nf6 4. Nf3 e6 5. Bg5 h6 6. Bh4 dxc4 7. e4 g5 8. Bg3 b5
9. Be2 Bb7 10. O-O Nbd7 11. Ne5 Bg7 12. Nxd7 Nxd7 13. Bd6 a6 14. Bh5 {This
system is examined by GM I.Stohl in CBM 118 (annotations to
Iljin-Nepomniachtchi), by GM D.Rogozenko in CBM 120, as well as in annotations
to Inarkiev-Aronian in this issue. Perhaps fearing a novelty from the Dutch GM,
Teimour opts for an older line than} (14. Re1 {, which he had played against
Anand two days earlier - see the game in this issue.}) 14... Bf8 15. Bxf8 Rxf8
16. d5 {This move meets a definite refutation in the present game.} (16. e5 Qb6
17. b3 $146 (17. Ne4 O-O-O 18. Nd6+ Kb8 19. Nxf7 Rxf7 20. Bxf7 Nxe5 21. Qh5
Rxd4 22. Bxe6 c5 $36 {0-1 Radjabov,T-Anand,V/Mainz 2006/CBM 114 (36)}) 17...
O-O-O $5 18. bxc4 Nxe5 19. c5 Qa5 $1 20. Ne4 Qb4 (20... Nc4 21. Be2 f5 22. Bxc4
fxe4 23. Bxe6+ Kb8 24. Re1 Qc3 25. Rxe4 Qb2 26. f3 Rf4 27. Qc1 Qxc1+ 28. Rxc1
Rxd4 29. Rxf4 gxf4 30. g4 fxg3 {1/2-1/2 Eljanov,P-Anand,V/Kemer 2007/CBM 121})
21. Nd6+ Rxd6 22. cxd6 Nd7 23. a4 Qxd6 $13 {1/2-1/2 Kramnik,V-Anand,V/Mexico
City 2007/CBM 120/[Rogozenko] (40)}) 16... cxd5 $5 $146 (16... Qe7 $5 17. b3
cxb3 18. Qxb3 Ne5 19. Rac1 c5 20. dxe6 O-O-O 21. exf7 Rd3 $6 (21... Nd3 $142 $1
$13) 22. Be2 Qxf7 23. Bxd3 Nxd3 {1/2-1/2 Gajewski,G-Dreev,A/Dresden 2007/CBM
118 (70) - Black's compensation for the exchange is hardly sufficient.}) 17.
exd5 Nf6 $1 18. dxe6 (18. Re1 {looks more logical but Black keeps an excellent
position by means of} Ke7 $1 (18... Bxd5 19. Nxd5 Qxd5 20. Qxd5 Nxd5 21. Rxe6+
Kd7 22. Rxh6 Rh8 $1 23. Rxh8 Rxh8 24. Bxf7 Nf4 25. g3 Nh3+ 26. Kg2 Nxf2 {
is quite enough for a draw}) 19. Bf3 b4 20. Ne2 (20. d6+ Qxd6 21. Qxd6+ Kxd6
22. Bxb7 bxc3 23. Bxa8 cxb2 24. Rad1+ Nd5 $19) 20... Bxd5 21. Nd4 Rg8 {and
White does not have sufficient compensation for the material sacrificed.})
18... Qxd1 19. Bxf7+ Ke7 20. Raxd1 $15 {White has won a pawn but his f7 bishop
is out of play and Black's queenside pawn majority guarantees him a certain
edge.} Rfd8 21. Ne2 Be4 22. f4 b4 23. fxg5 $6 {it was time to look for
equality:} (23. Ng3 $1 Bd3 (23... Bh7 $6 24. f5) (23... Bc2 24. Rc1) 24. fxg5
hxg5 25. Rf5 $11) 23... hxg5 24. Ng3 Rxd1 25. Rxd1 Bh7 26. Nh5 $6 (26. Ne2)
26... c3 27. Nxf6 Kxf6 28. bxc3 bxc3 29. Rc1 c2 30. Kf2 Rd8 {Suddenly White is
in trouble despite his extra pawn!} 31. Ke2 Rd4 32. h3 Be4 33. Bh5 {The bishop
has to ingloriously retreat.} Kxe6 34. g3 Ke5 35. h4 gxh4 36. gxh4 Rd5 $4 {
In a winning position Black commits a big mistake.} (36... Rd6 $1 37. Ke3 (37.
Bf3 Bh7 $19) 37... Rd3+ 38. Ke2 Kd4 $1 $19) 37. Bf3 $1 Rd1 38. Bxe4 Rxc1 39.
Kd2 {White has given up an exchange to get rid of Black's terrible passed pawn
- and fortunately, he can now survive!} Rg1 $6 {Black goes for an endgame with
blocked a-pawns, which is is theoretically drawn. However, the more logical} (
39... Ra1 40. Bxc2 Rxa2 {was not sufficient for a win either:} 41. h5 Ra3 42.
h6 Rh3 43. h7 Kd4 44. Bf5 Rh2+ 45. Kc1 Kc3 46. Kb1 {How can Black push the
white king away? If he moves his pawn to a4, White's bishop can abandon his
h7-pawn and pass to the a2-g8 diagonal, with a theoretical draw. The other
attempt is to move the black king to the a2-square:} Kb4 (46... Kb3 47. Be6+
Ka3 48. Bg8) 47. Bg6 Ka3 48. Bf5 (48. Be4 {is possible, of course, but not
necessary.}) 48... Rh1+ 49. Kc2 Ka2 50. Be4 {(say; in fact, White needn't even
remain passive)} Rh2+ 51. Kc1 a5 52. Bf5 a4 53. Be4 a3 54. Bf5 Ka1 55. Be4 a2
56. Bf5 Rh4 57. Be4 {Black has apparently made some progress, but can't
achieve anything more.}) 40. Bxc2 Kd4 41. Bd3 a5 (41... Ra1 42. h5 {etc. - see
previous annotation.}) 42. a4 Rh1 43. Bb5 Rh2+ 44. Kd1 Ke3 45. Kc1 Rxh4 46. Kc2
Rh7 47. Ba6 Rc7+ 48. Kd1 Rc6 49. Bb5 Rc3 50. Ba6 Ra3 51. Bb5 Ra2 52. Kc1 Kd4
53. Kd1 Kc3 54. Ke1 Rd2 55. Ba6 Rd4 56. Bb5 Kc2 57. Ke2 Re4+ 58. Kf3 Re7 {
Black has cut off the White king along the e-file but he can't win without
pushing it a file farther - and that is impossible.} 59. Kf2 Kc3 60. Kf3 Kd4
61. Ba6 Re3+ 62. Kf2 Ke4 63. Bb5 Kf4 64. Ba6 Re4 65. Bb5 Re6 66. Bc4 Re4 67.
Bb5 Rd4 68. Ke2 Rd6 69. Bd3 Rh6 70. Bb5 Ke4 71. Bd3+ Kd4 72. Bb5 Rh2+ 73. Kf3
Ra2 74. Bd7 Ra3+ 75. Kf2 Kd3 76. Kf3 Kd2+ 77. Kf4 Re3 78. Bb5 Re7 79. Kf3 Kc3
80. Ba6 Kd4 81. Bb5 Re6 82. Kf2 Re5 83. Kf3 Kc5 84. Kf2 Kb6 85. Bd3 Kc5 86. Bb5
Kb4 87. Kf3 Kb3 88. Kf4 Re1 89. Kf3 Ra1 90. Ke2 Rxa4 91. Bxa4+ Kxa4 92. Kd2 Kb3
93. Kc1 {The king comes back in time.} 1/2-1/2

[Event "Istanbul ol (Men) 40th"]
[Site "Istanbul"]
[Date "2012.08.31"]
[Round "4.1"]
[White "Bologan, Viktor"]
[Black "Munoz Santana, Jose Lisandro"]
[Result "1-0"]
[WhiteElo "2734"]
[BlackElo "2428"]
[PlyCount "67"]
[EventDate "2012.08.28"]
[EventType "team-swiss"]
[EventRounds "11"]
[EventCountry "TUR"]
[SourceTitle "CBM 151"]
[Source "ChessBase"]
[SourceDate "2012.11.13"]
[SourceVersion "1"]
[SourceVersionDate "2012.11.13"]
[SourceQuality "1"]
[WhiteTeam "Moldova"]
[BlackTeam "Dominican Republic"]
[WhiteTeamCountry "MDA"]
[BlackTeamCountry "DOM"]

1. e4 c5 2. Nf3 e6 3. d4 cxd4 4. Nxd4 Nc6 5. Nc3 Qc7 6. Be2 a6 7. Be3 Nf6 8. a3
Be7 9. g4 d6 10. g5 Nd7 11. h4 Na5 12. Qd2 b5 13. Nf5 exf5 14. Nd5 Qd8 15.
O-O-O Bb7 16. Nxe7 Nb3+ 17. cxb3 Qxe7 18. f3 fxe4 19. f4 Nc5 20. Kb1 Rd8 21. f5
Qe5 22. f6 gxf6 23. Ka2 Ne6 24. gxf6 d5 25. Bg4 d4 26. Qb4 Qxf6 27. Bxe6 dxe3
28. Bxf7+ Qxf7 29. Rxd8+ Kxd8 30. Qd4+ Kc7 31. Rc1+ Kb8 32. Qxh8+ Ka7 33. Qd4+
Ka8 34. Qxe3 1-0